000
00339nam a2200145Ia 4500
008
191201s2007 xx 000 0 und d
082
_a
658.15
_b
DWM
100
_a
DWIVEDI, D L
245
0
_a
Managerial Economics
250
_a
6th
260
_a
N.Delhi
_b
Vikas Publication House
_c
2007
300
_a
650
650
_a
MBA
942
_2
ddc
_c
BK
999
_c
3013
_d
3013